000
00259nam a22001217a 4500
008
170324b xxu||||| |||| 00| 0 eng d
041
_a
eng
080
_a
615.83
100
_a
8
101
_a
SHM
245
_a
YOGA FOR BACKACHES
_c
SHARMA, P.S
942
_2
udc
_c
BK
999
_c
8586
_d
8586